00326 2200145 4500001002100000005001500021035002000036245004400056100001200100300001100112260002300123082000800146084001400154990001200168INLIS00000000000190520250520093541 a0010-05250001971 aTabel Matematika Lengkap /cA.M.Muchtar0 aMuchtar a62 hlm aSurabaya :bApollo a510 a510 MUC t a0754783